[Event "ch-AUT"]
[Site "Vienna AUT"]
[Date "2010.07.29"]
[Round "6"]
[White "Gerhold,M"]
[Black "Raber,F"]
[Result "1-0"]
[WhiteElo "2237"]
[BlackElo "2106"]

1.Nf3 d5 2.d4 c6 3.c4 dxc4 4.a4 e6 5.e3 b5 6.axb5 cxb5 7.b3 Bb4+ 8.Bd2 Bxd2+
9.Nbxd2 a5 10.bxc4 b4 11.Ne5 Nf6 12.Be2 O-O 13.Bf3 Ra6 14.O-O Nfd7 15.Nd3 e5
16.Nb3 Rh6 17.g3 Re8 18.Bg2 e4 19.Ndc5 Nxc5 20.Nxc5 Bf5 21.Qc2 Qc8 22.Rxa5 Nc6
23.Raa1 Bh3 24.Bxh3 Rxh3 25.Nxe4 b3 26.Qb1 Rh5 27.f3 Qh3 28.Rf2 f5 29.Nd6 Rb8
30.c5 f4 31.Ra8 fxg3 32.Qxb3+ Kh8 33.Rxb8+ Nxb8  1-0

[Event "Tch-POR 1st Div Final"]
[Site "Vila Nova de Gaia POR"]
[Date "2010.07.29"]
[Round "6.5"]
[White "Karim,I"]
[Black "Gemy,J"]
[Result "0-1"]
[WhiteElo "2355"]
[BlackElo "2300"]

1.d4 d5 2.Nf3 Nf6 3.c4 c6 4.Qc2 g6 5.g3 Bf5 6.Qb3 Qb6 7.Bg2 Nbd7 8.Nc3 dxc4
9.Qxc4 Bg7 10.O-O O-O 11.Re1 e5 12.e4 Be6 13.d5 cxd5 14.exd5 Rac8 15.Qh4 Bxd5
16.Be3 Qxb2 17.Nxd5 Nxd5 18.Ng5 N5f6 19.Rab1 Qxa2 20.Rxb7 Nc5 21.Rbb1 h6
22.Ra1 hxg5 23.Bxg5 Qe6 24.Bh3 Qc6 25.Bxc8 Rxc8 26.Rec1 Qf3 27.Be3 Nfe4 28.Rxa7 Rb8
29.Rca1 Rf8 30.Ra8 Ne6 31.Qe7 N6g5 32.Rxf8+ Bxf8 33.Qd7 Nf6 34.Qd1 Nh3+ 35.Kf1 Qh1+
36.Ke2 Qe4 37.Ra4 Ng1+ 38.Kf1 Qh1 39.Qa1 Ne4 40.Qxe5 Nf3+  0-1

[Event "19th Open"]
[Site "Kavala GRE"]
[Date "2010.07.30"]
[Round "1"]
[White "Atalik,S"]
[Black "Aginian,N"]
[Result "1-0"]
[WhiteElo "2607"]
[BlackElo "2290"]

1.d4 d5 2.c4 c6 3.Nf3 Nf6 4.Qb3 dxc4 5.Qxc4 Bf5 6.g3 e6 7.Bg2 Be7 8.O-O O-O
9.e3 Nbd7 10.Qe2 Ne4 11.Nbd2 c5 12.Rd1 Qc7 13.Nh4 Bxh4 14.Nxe4 Be7 15.Nc3 Nf6
16.d5 exd5 17.Nxd5 Nxd5 18.Bxd5 Bf6 19.e4 Rfe8 20.Bf4 Qb6 21.Qc4 Be6 22.Be3 Rac8
23.Rab1 Qc7 24.a4 h6 25.Kg2 Qe7 26.f3 Bxd5 27.Rxd5 b6 28.b3 Bd4 29.Bxd4 cxd4
30.Qxd4 Rc2+ 31.Kh3 Qa3 32.Rd8 Rxd8 33.Qxd8+ Kh7 34.Qd5 Qa2 35.Rh1 Kg8 36.e5 Rd2
37.Qa8+ Kh7 38.e6 fxe6 39.Qe4+ Kh8 40.Qxe6 Qb2 41.f4 Re2 42.Qc8+ Kh7 43.Qf5+ Kh8
44.Qd5 Qc2 45.Kg4 Qc8+ 46.f5 Qe8 47.Rd1 Qe3 48.f6 gxf6 49.Qd8+ Qe8 50.Qxf6+ Kh7
51.Qf5+ Kh8 52.Rd7  1-0

[Event "ch-AUT"]
[Site "Vienna AUT"]
[Date "2010.07.31"]
[Round "8"]
[White "Gerhold,M"]
[Black "Schachinger,M"]
[Result "1/2-1/2"]
[WhiteElo "2237"]
[BlackElo "2353"]

1.Nf3 d5 2.d4 c6 3.c4 dxc4 4.a4 Nf6 5.Nc3 Bf5 6.Nh4 Be6 7.e4 g6 8.Nf3 h6
9.Ne5 Bg7 10.Nxc4 O-O 11.f3 Ne8 12.Be3 Nd6 13.Na3 Qa5 14.Be2 Qb4 15.O-O Nc4
16.Nxc4 Bxc4 17.Bxc4 Qxc4 18.Rf2 Na6 19.Rc1 Qb4 20.Rd2 e6 21.d5 exd5 22.exd5 Rfe8
23.Bf2 Bxc3 24.Rxc3 cxd5 25.Rxd5 Qxb2 26.Rb3 Qa2 27.Rxb7 Re2 28.Rd8+ Rxd8
29.Qxd8+ Kh7 30.Qf6 Kg8 31.Qd8+ Kh7 32.Qf6  1/2-1/2

[Event "Tch-POR 1st Div Final"]
[Site "Vila Nova de Gaia POR"]
[Date "2010.07.31"]
[Round "8.5"]
[White "Galego,L"]
[Black "Karim,I"]
[Result "1/2-1/2"]
[WhiteElo "2498"]
[BlackElo "2355"]

1.d4 d5 2.Nf3 Nf6 3.c4 c6 4.Nbd2 g6 5.e3 Bg7 6.Be2 O-O 7.O-O a6 8.b3 b5 9.Bb2 Bg4
10.h3 Bxf3 11.Bxf3 Nbd7 12.Rc1 Re8 13.Qc2 Rb8 14.Rfd1 Bh6 15.cxd5 cxd5 16.a4 e6
17.Ba3 Bf8 18.Bxf8 Rxf8 19.Be2 bxa4 20.bxa4 Qa5 21.g4 h6 22.h4 Nb6 23.Qd3 Qxa4  1/2-1/2

[Event "Politiken Cup"]
[Site "Copenhagen DEN"]
[Date "2010.08.01"]
[Round "2"]
[White "Hansen,SuB"]
[Black "Christensen,Es"]
[Result "1-0"]
[WhiteElo "2595"]
[BlackElo "2098"]

1.d4 d5 2.c4 c6 3.Nf3 Nf6 4.Qc2 e6 5.Nbd2 a6 6.g3 Be7 7.Bg2 O-O 8.O-O Nbd7
9.e4 dxe4 10.Nxe4 Nxe4 11.Qxe4 c5 12.Rd1 cxd4 13.Nxd4 Qa5 14.Nb3 Qe5 15.Qxe5 Nxe5
16.Na5 Bb4 17.Bf4 Bxa5 18.Bxe5 f6 19.Bd6 Re8 20.b4 Bd8 21.c5 Be7 22.Bxe7 Rxe7
23.Rd8+ Kf7 24.Rad1 Rc7 25.Rc1 Ra7 26.a4 Bd7 27.a5 Ke7 28.Rg8 Kf7 29.Rh8 h6
30.Rd1 Bc6 31.Rdd8 Rd7 32.Rhf8+ Kg6 33.Rxd7 Bxd7 34.f4 e5 35.fxe5 fxe5 36.Be4+  1-0

[Event "Politiken Cup"]
[Site "Copenhagen DEN"]
[Date "2010.08.01"]
[Round "2"]
[White "Veng,J"]
[Black "Tozaki,H"]
[Result "1-0"]
[WhiteElo "2294"]
[BlackElo "2030"]

1.d4 d5 2.c4 c6 3.Nf3 Nf6 4.Qb3 Nbd7 5.Nc3 dxc4 6.Qxc4 Nb6 7.Qd3 g6 8.e4 Bg7
9.Be2 O-O 10.O-O Be6 11.Qc2 Bc4 12.Bxc4 Nxc4 13.Qb3 Nb6 14.a4 a5 15.Rd1 e6
16.Bg5 h6 17.Bh4 g5 18.Bg3 Nh5 19.Ne2 Nf6 20.Nc3 Ra6 21.Rac1 Qe7 22.Be5 Qb4
23.Qc2 Nbd7 24.h3 Nxe5 25.dxe5 Nh5 26.Ne2 Rb6 27.Rd2 Qb3 28.Qc5 Qb4 29.Qe3 Ra6
30.g4 Nf4 31.Nxf4 gxf4 32.Qxf4 Qxa4 33.g5 hxg5 34.Nxg5 Bh6 35.Rd8 Qb4 36.Qxf7+  1-0

[Event "Politiken Cup"]
[Site "Copenhagen DEN"]
[Date "2010.08.01"]
[Round "3"]
[White "Landa,K"]
[Black "Svane,R"]
[Result "1-0"]
[WhiteElo "2598"]
[BlackElo "2216"]

1.Nf3 d5 2.d4 Nf6 3.c4 c6 4.Qb3 e6 5.Bg5 Nbd7 6.Nc3 Be7 7.e3 O-O 8.Rd1 b6
9.Bd3 Bb7 10.O-O dxc4 11.Bxc4 Nd5 12.Bxe7 Qxe7 13.e4 Nxc3 14.bxc3 Nf6 15.Rfe1 Qc7
16.e5 Nd5 17.Bf1 Ne7 18.c4 Rfd8 19.c5 Rd7 20.Bd3 Rad8 21.Qc2 h6 22.Bh7+ Kh8
23.Be4 Nd5 24.Rc1 b5 25.Qe2 b4 26.Bc2 Nc3 27.Qd3 g6 28.h4 h5 29.Bb3 Qa5 30.Qe3 Kg7
31.Qg5 Re8 32.Qf6+ Kg8 33.Qf4 Kg7 34.Rc2 Qd8 35.Bc4 a5 36.Rd2 Qe7 37.Qe3 Ra8
38.Qd3 Qd8 39.Ng5 Nd5 40.g3 Nc7 41.Ne4 Ba6 42.Bxa6 Rxa6 43.Nf6 Nb5 44.Re4 Raa7
45.g4 Nc3 46.gxh5 Nxe4 47.Qxe4 Rd5 48.hxg6 fxg6 49.h5 Rf7 50.Qxg6+ Kf8 51.h6 Ke7
52.Qg5  1-0

[Event "ch-CRC"]
[Site "San Jose CRC"]
[Date "2010.08.01"]
[Round "6"]
[White "Murillo,Alex"]
[Black "Alfaro Rojas,A"]
[Result "1/2-1/2"]
[WhiteElo "2286"]
[BlackElo "2188"]

1.d4 d5 2.c4 c6 3.Nd2 Nf6 4.Ngf3 e6 5.g3 dxc4 6.Nxc4 c5 7.Bg2 Nc6 8.O-O cxd4
9.Bf4 Be7 10.Nce5 Bd7 11.Nxd4 Nd5 12.Nf5 O-O 13.Nxd7 Qxd7 14.e4 Nb6 15.Qxd7 Nxd7
16.Nxe7+ Nxe7 17.Rfd1 Nb6 18.Bd6 Rfe8 19.Rac1 Rac8 20.Rxc8 Nexc8 21.Bb4 f6
22.e5 fxe5 23.Bxb7 Ne7 24.Bxe7 Rxe7 25.Be4 Na4 26.Rd2 Kf7 27.h4 Kf6 28.Rc2 Rd7
29.Kg2 Nb6 30.Kf3 Nd5 31.a3 Ne7 32.b4 Nf5 33.Bxf5 exf5 34.Rc6+ Ke7 35.Ra6 g6
36.Ke3 Kd8 37.a4 Kc8 38.f3 Rd4 39.Rxa7 Rxb4 40.a5 Rb3+  1/2-1/2

[Event "19th Open"]
[Site "Kavala GRE"]
[Date "2010.08.02"]
[Round "4"]
[White "Graf,A"]
[Black "Danielian,E"]
[Result "1-0"]
[WhiteElo "2590"]
[BlackElo "2431"]

1.d4 d5 2.c4 c6 3.Nf3 dxc4 4.e3 Be6 5.Be2 Nf6 6.O-O b5 7.a4 Nbd7 8.axb5 cxb5
9.Nc3 b4 10.d5 Bg4 11.Nb5 Nb6 12.Ne5 Bxe2 13.Qxe2 a6 14.Nc6 Qd7 15.Nbd4 e6
16.dxe6 fxe6 17.Bd2 Bd6 18.Nxb4 e5 19.Nf3 O-O 20.Ra5 e4 21.Nd4 Ng4 22.h3 Ne5
23.Nd5 Rab8 24.Qh5 Qf7 25.Qxf7+ Rxf7 26.Nc3 Bc7 27.Nxe4 Nbd7 28.Ra2 Nd3 29.Bc3 Nb6
30.Rxa6 Nd5 31.Ne6 Re8 32.Nxc7 Nxc7 33.Nd6 Re6 34.Nxf7 Nxa6 35.Ng5 Rb6 36.Ra1 h6
37.Ne4 Nc7 38.Ra7 Ne6 39.f4 Nxb2 40.f5 Nd3 41.fxe6 Rxe6 42.Nc5 Rxe3 43.Bd4 Re1+
44.Kh2 c3 45.Rxg7+  1-0

[Event "49th WJun"]
[Site "Chotowa POL"]
[Date "2010.08.03"]
[Round "1"]
[White "Van Rensburg,R"]
[Black "Debashis,D"]
[Result "0-1"]
[WhiteElo "2079"]
[BlackElo "2411"]

1.d4 d5 2.c4 c6 3.Nf3 Nf6 4.Qb3 dxc4 5.Qxc4 g6 6.g3 Bg7 7.Bg2 O-O 8.O-O Bf5
9.Nc3 Nbd7 10.Re1 Ne4 11.Bf4 Nxc3 12.bxc3 Be4 13.Nd2 Bxg2 14.Kxg2 e5 15.dxe5 Nxe5
16.Bxe5 Bxe5 17.Nf3 Bg7 18.e4 Qe7 19.Rad1 Rad8 20.Nd4 Rd7 21.Nb3 Rxd1 22.Rxd1 Re8
23.f4 g5 24.e5 gxf4 25.gxf4 Qh4 26.Qd4 Kh8 27.Rd3 f6 28.Qd7 Rg8 29.e6 Qxf4
30.Rg3 Qe4+ 31.Kh3 Qf5+ 32.Kh4 Qf4+ 33.Kh3  0-1

[Event "49th WJun"]
[Site "Chotowa POL"]
[Date "2010.08.05"]
[Round "3"]
[White "Van Rensburg,R"]
[Black "Stoyko,M"]
[Result "1/2-1/2"]
[WhiteElo "2079"]
[BlackElo "2206"]

1.d4 d5 2.c4 c6 3.Nf3 Nf6 4.Qb3 dxc4 5.Qxc4 Bg4 6.Bf4 Nbd7 7.Nbd2 e6 8.e4 Bxf3
9.gxf3 Be7 10.Bd3 O-O 11.Rg1 Nh5 12.Be3 e5 13.Nb3 exd4 14.Bxd4 Bf6 15.O-O-O Ne5
16.Bxe5 Bxe5 17.Kb1 Qf6 18.Nc5 Rfd8 19.Bc2 b5 20.Qb3 Bd4 21.e5 Qxe5 22.Ne4 h6
23.Rde1 Qc7 24.Rg4 Nf4 25.Reg1 c5 26.Nxc5 Bxc5 27.Rxg7+ Kf8 28.Rg8+ Ke7 29.Re1+ Kd6
30.Rg7 Rf8 31.Qxb5 Ne6 32.Rg4 Rab8 33.Qd3+ Ke7 34.Bb3 Qd6 35.Qh7 Rxb3 36.axb3 Bxf2
37.Rxe6+ Kxe6 38.Re4+ Kd5 39.Rc4 Ke5 40.Qe4+ Kf6 41.Rc6 Rd8 42.Qf4+ Ke7 43.Rxd6 Rxd6
44.Qb4 Bb6 45.Kc2 Ke6 46.Qb5 Kf6 47.Qe8  1/2-1/2

[Event "Politiken Cup"]
[Site "Copenhagen DEN"]
[Date "2010.08.05"]
[Round "7"]
[White "Schandorff,L"]
[Black "Svane,R"]
[Result "1-0"]
[WhiteElo "2491"]
[BlackElo "2216"]

1.d4 d5 2.c4 c6 3.Nf3 Nf6 4.Qc2 g6 5.Bf4 Bg7 6.e3 O-O 7.Nc3 Na6 8.h3 Bf5
9.Qb3 Qb6 10.c5 Qxb3 11.axb3 Nb4 12.Ra4 Nd3+ 13.Bxd3 Bxd3 14.Ne5 Bb5 15.Ra5 a6
16.f3 Rfd8 17.Kd2 Nh5 18.Bh2 Bxe5 19.Bxe5 f6 20.Bc7 Rdc8 21.Bh2 Kf7 22.e4 e6
23.Re1 Ng7 24.Raa1 Re8 25.Bd6 Kg8 26.g4 Kf7 27.Rad1 h5 28.Rg1 hxg4 29.hxg4 Rh8
30.Rh1 g5 31.Ke3 Rag8 32.Bg3 Re8 33.Ra1 Rd8 34.Bd6 Kg6 35.Rag1 b6 36.Rxh8 Rxh8
37.cxb6 Ne8 38.Bg3 Rh7 39.Nxb5 cxb5 40.Rc1 Rb7 41.Rc8  1-0

[Event "19th Open"]
[Site "Kavala GRE"]
[Date "2010.08.05"]
[Round "7"]
[White "Deepan,C"]
[Black "Olarasu,G"]
[Result "1-0"]
[WhiteElo "2498"]
[BlackElo "2277"]

1.d4 d5 2.Nf3 c6 3.c4 Nf6 4.Qb3 g6 5.Nc3 Bg7 6.Bg5 Ne4 7.Bh4 dxc4 8.Qxc4 Nd6
9.Qa4 Nf5 10.e3 Nxh4 11.Nxh4 O-O 12.Nf3 Qb6 13.b4 Nd7 14.Rc1 e5 15.d5 e4
16.Nxe4 cxd5 17.Ned2 d4 18.e4 Qd6 19.Bd3 a5 20.b5 Nb6 21.Qc2 Be6 22.O-O Rfc8
23.Qb1 Rc3 24.e5 Bxe5 25.Ne4 Rxc1 26.Qxc1 Qd5 27.Nxe5 Qxe5 28.f4 Qg7 29.Qc7 Nd5
30.Qxb7 Qf8 31.Bc4 Nxf4 32.Bxe6 Nxe6 33.Nf6+ Kg7 34.Nd7 Qc8 35.Qd5 Ra7 36.Qe5+ Kg8
37.Nf6+ Kg7 38.Nh5+  1-0

[Event "49th WJun"]
[Site "Chotowa POL"]
[Date "2010.08.07"]
[Round "5"]
[White "Salgado Lopez,I"]
[Black "Bajarani,U"]
[Result "0-1"]
[WhiteElo "2607"]
[BlackElo "2409"]

1.d4 d5 2.c4 c6 3.Nf3 Nf6 4.Qb3 dxc4 5.Qxc4 Bf5 6.g3 Nbd7 7.Nc3 e6 8.Bg2 Be7
9.O-O O-O 10.Re1 Bg6 11.a4 a5 12.e4 Bb4 13.Ne5 Nxe5 14.dxe5 Ng4 15.Bf4 Qb8
16.Qe2 Nxe5 17.h4 f6 18.Rad1 Bf7 19.h5 h6 20.g4 Qa7 21.Kh1 Rad8 22.Bg3 Qa6
23.Qxa6 bxa6 24.Bxe5 fxe5 25.Rxd8 Rxd8 26.Re2 Rd4 27.Rc2 Be8 28.Bf1 Bxc3
29.Rxc3 Rxe4 30.b3 Rxg4 31.Rc5 Rg5 32.Rxa5 Bxh5 33.Rxa6 Bf3+ 34.Kh2 Bd5 35.a5 Rf5
36.Kg1 Rg5+ 37.Kh2 Rf5 38.Kg1 Rh5 39.f3 Bxf3 40.Ra8+ Kf7 41.a6 Rh1+ 42.Kf2 Bd5
43.Rb8 Rh2+ 44.Ke3 Ra2 45.Be2 Ra3 46.Rb7+ Kf6 47.a7 c5 48.Rd7 c4  0-1

[Event "111th US Open"]
[Site "Irvine USA"]
[Date "2010.08.07"]
[Round "8"]
[White "Kaufman,La"]
[Black "Huang,V"]
[Result "1/2-1/2"]
[WhiteElo "2413"]
[BlackElo "2063"]

1.d4 d5 2.c4 c6 3.Nf3 Nf6 4.Qb3 dxc4 5.Qxc4 Bf5 6.g3 e6 7.Bg2 Nbd7 8.O-O Be7
9.e3 O-O 10.Qe2 Qb6 11.Nbd2 c5 12.e4 Bg6 13.dxc5 Nxc5 14.Ne5 Rfd8 15.Ndc4 Qa6
16.Nxg6 hxg6 17.b3 Rac8 18.Bg5 Kf8 19.Rad1 Qb5 20.h4 a5 21.Rxd8+ Rxd8 22.Rd1 Rxd1+
23.Qxd1 Ncxe4 24.Bxe4 Nxe4 25.Bxe7+ Kxe7 26.Qe1 Qd5 27.Qxa5 Qxa5 28.Nxa5 b5
29.a4 bxa4 30.bxa4 Nc5 31.Nc6+ Kd6 32.Nd8 Ke7 33.Nc6+ Kd6 34.Nd8 Ke7  1/2-1/2

[Event "19th Open"]
[Site "Kavala GRE"]
[Date "2010.08.07"]
[Round "9"]
[White "Atalik,S"]
[Black "Pavlidis,Ant"]
[Result "1/2-1/2"]
[WhiteElo "2607"]
[BlackElo "2369"]

1.d4 d5 2.c4 c6 3.Nf3 Nf6 4.Qb3 dxc4 5.Qxc4 Bf5 6.g3 e6 7.Bg2 Nbd7 8.e3 Be7
9.O-O O-O 10.Qe2 Ne4 11.Rd1 Qc7 12.Nbd2 Nxd2 13.Nxd2 Bc2 14.Re1 c5 15.Nc4 Ba4
16.b3 Bc6 17.Bb2 Bxg2 18.Kxg2 cxd4 19.Bxd4 e5 20.Bb2 b5 21.Nd2 Qc2 22.Nf3 Qxe2
23.Rxe2 f6 24.Rc2 Rfc8 25.Rac1 Nb6 26.Nh4 Rxc2 27.Rxc2 Rc8 28.Rxc8+ Nxc8
29.f4 exf4 30.exf4 Kf7 31.Nf3 g6 32.Nd4 a6 33.f5 Bc5 34.Kf3 Nd6 35.g4 Bxd4
36.fxg6+ Kxg6 37.Bxd4 f5 38.Kf4 fxg4 39.Kxg4 Nf5 40.Be5 Ne3+ 41.Kf4 Nf1 42.Ke4 Nd2+
43.Kd5 Kf5 44.Bc7 Ne4 45.Ba5 h5 46.Be1 h4 47.Kc6 h3 48.Kb6 Kg4 49.Kxa6 Kf3
50.Ba5 Kg2 51.Bc7 b4 52.Kb5 Nc3+ 53.Kc4 Nxa2 54.Bd6 Kf3 55.Kd3 Kf2 56.Kc2 Kg2
57.Kd3 Nc1+ 58.Kc4 Na2 59.Kd3 Nc1+ 60.Kc4 Na2  1/2-1/2

[Event "111th US Open"]
[Site "Irvine USA"]
[Date "2010.08.08"]
[Round "9"]
[White "Tanaka,C"]
[Black "Nita,M"]
[Result "0-1"]
[WhiteElo "2128"]
[BlackElo "2074"]

1.d4 c6 2.c4 d5 3.Nf3 dxc4 4.e4 b5 5.a4 e6 6.Nc3 Qb6 7.axb5 cxb5 8.Be2 Bb4
9.O-O Nf6 10.Na2 Be7 11.e5 Nd5 12.h4 Bb7 13.h5 h6 14.g4 Nc6 15.Nc3 Nxc3 16.bxc3 Na5
17.Be3 Bd5 18.Kh2 Nb3 19.Ra2 a5 20.Rg1 a4 21.g5 hxg5 22.Nxg5 f6 23.Nh3 fxe5
24.dxe5 Qc7 25.Bf4 Bc5 26.Rg6 O-O-O 27.Qg1 Bf8 28.Ng5 Re8 29.Bg4 Qd7 30.Qf1 Rh6
31.Qh3 Rxg6 32.hxg6 Nc5 33.Rd2 Nd3 34.Bg3 Kb7 35.f4 b4 36.f5 b3 37.f6 a3
38.f7 b2 39.Qf1 Ra8 40.Nh7 a2 41.Nxf8 b1=Q 42.Rd1 Qxd1 43.Qxd1 Rxf8 44.Bh4 Qb5
45.Be7 Qb2+ 46.Be2 Rh8+ 47.Kg3 a1=Q  0-1

[Event "Open"]
[Site "Minsk BLR"]
[Date "2010.08.08"]
[Round "5"]
[White "Harshkou,M"]
[Black "Khamitskiy,S"]
[Result "1-0"]
[WhiteElo "2175"]
[BlackElo "2340"]

1.d4 d5 2.c4 dxc4 3.Nf3 c6 4.e3 Be6 5.a4 Nf6 6.Na3 c5 7.Bxc4 Bxc4 8.Nxc4 Nc6
9.Qb3 Rb8 10.O-O e6 11.Rd1 Qc7 12.Bd2 cxd4 13.Nxd4 Nxd4 14.exd4 Nd5 15.Rac1 Bd6
16.Qb5+ Ke7 17.Ne3 Qd7 18.Nxd5+ exd5 19.Re1+ Kd8 20.Qb3 Re8 21.g3 Rc8 22.Qb5 Rxe1+
23.Rxe1 Rc7 24.Qxd5 Rc6 25.b4 Bf8 26.Bg5+ Kc8 27.Qb3 Re6 28.Rc1+ Rc6 29.Rd1 Qf5
30.d5 Rc2 31.Qe3 Bd6 32.Qe8+  1-0

[Event "49th WJun"]
[Site "Chotowa POL"]
[Date "2010.08.09"]
[Round "6"]
[White "Straka,Jos"]
[Black "Hercules,B"]
[Result "1-0"]
[WhiteElo "2337"]
[BlackElo "2057"]

1.d4 d5 2.c4 c6 3.Nf3 Nf6 4.Qb3 dxc4 5.Qxc4 g6 6.Nc3 Be6 7.Qd3 b5 8.g3 Bg7
9.Bg2 O-O 10.O-O Na6 11.Ne5 Nb4 12.Qd2 Qb6 13.Ne4 Nxe4 14.Qxb4 a5 15.Qxe7 Qxd4
16.Nxc6 Qd5 17.Qc7 Kh8 18.Ne7 Qc4 19.Qxc4 Bxc4 20.Bxe4 Rae8 21.Nxg6+ fxg6
22.Bd3 Bxd3 23.exd3 Re2 24.Rb1 Rfxf2 25.Rxf2 Bd4 26.Bf4 Bxf2+ 27.Kf1 Rc2
28.Rc1 Rxc1+ 29.Bxc1 Bd4 30.Ke2 Kg7 31.Kf3 Kf6 32.Ke4 Bb6 33.Kd5 Kf5 34.Kc6 Bg1
35.h3 Bf2 36.g4+ Ke5 37.Kxb5 Kd4 38.Kxa5 Kxd3 39.Bg5 Ke4 40.b4 Kf3 41.Be7  1-0

[Event "49th WJun"]
[Site "Chotowa POL"]
[Date "2010.08.09"]
[Round "6"]
[White "Matlakov,M"]
[Black "Firat,B"]
[Result "1-0"]
[WhiteElo "2603"]
[BlackElo "2420"]

1.d4 d5 2.c4 c6 3.Nf3 Nf6 4.Qb3 dxc4 5.Qxc4 Bf5 6.g3 e6 7.Bg2 Be7 8.O-O Nbd7
9.e3 O-O 10.Rd1 h6 11.Qe2 Bh7 12.Nc3 Ne4 13.Nd2 Nxc3 14.bxc3 Qa5 15.Bb2 Nb6
16.c4 Na4 17.Nb3 Qb4 18.Rd2 Rab8 19.Rad1 Rfd8 20.Ba1 Nc3 21.Bxc3 Qxc3 22.d5 cxd5
23.cxd5 exd5 24.Bxd5 Bg6 25.e4 Re8 26.f4 Bd8 27.Kg2 Bb6 28.Qf3 Qxf3+ 29.Kxf3 Kf8
30.Kg2 Kg8 31.Kf3 Kf8 32.f5 Bh7 33.a4 a5 34.Nd4 Bc5 35.Nb5 Re7 36.g4 f6 37.Be6 Rbe8
38.Rd7 Rxd7 39.Rxd7 Re7 40.Rd8+ Re8 41.Rd5 Bb4 42.Nc7 Rb8 43.Rd7 Bg8 44.Bxg8 Kxg8
45.Ne6 Bf8 46.Ke3  1-0

[Event "FSGM August"]
[Site "Budapest HUN"]
[Date "2010.08.10"]
[Round "4"]
[White "Lorscheid,G"]
[Black "Mihok,O"]
[Result "0-1"]
[WhiteElo "2345"]
[BlackElo "2357"]

1.d4 d5 2.c4 c6 3.Nf3 Nf6 4.Qc2 dxc4 5.e4 b5 6.b3 cxb3 7.axb3 e6 8.Bd2 a5
9.Bd3 Bb7 10.O-O Be7 11.Re1 h6 12.Bc3 Nbd7 13.Qe2 O-O 14.e5 Nd5 15.Qe4 g6
16.Bd2 Kg7 17.h4 Rh8 18.h5 g5 19.Nc3 Nxc3 20.Bxc3 Qb6 21.Qe2 b4 22.Bb2 c5
23.Nd2 Bd5 24.Bc4 Qb7 25.Bxd5 Qxd5 26.Red1 cxd4 27.Nf3 Nc5 28.Nxd4 Qb7 29.f4 gxf4
30.Qg4+ Kh7 31.Qxf4 Bg5 32.Qf2 Rhg8 33.Nf3 Ne4 34.Qe2 Be7 35.Rdc1 Rg4 36.Rc2 Rag8
37.Qd3 Kh8 38.Qe3 Bg5 39.Qd3 Bd2 40.Ne1 Rg3 41.Qc4 Qb6+  0-1

[Event "Negroponte Open"]
[Site "Chalkis GRE"]
[Date "2010.08.10"]
[Round "2"]
[White "Vorobiov,E"]
[Black "Soumya,Sw"]
[Result "1-0"]
[WhiteElo "2592"]
[BlackElo "2281"]

1.Nf3 d5 2.d4 Nf6 3.c4 c6 4.Qb3 dxc4 5.Qxc4 Bg4 6.Nc3 Nbd7 7.e4 Bxf3 8.gxf3 e5
9.Be3 Bd6 10.O-O-O Qc7 11.dxe5 Bxe5 12.Ne2 Nh5 13.Kb1 Nb6 14.Qb4 Nf4 15.a4 Nxe2
16.Bxe2 Bf6 17.f4 Be7 18.Qd4 O-O 19.a5 Nc8 20.e5 Qxa5 21.f5 f6 22.Rhg1 fxe5
23.Qg4 Bf6 24.Rd7  1-0

[Event "49th WJun"]
[Site "Chotowa POL"]
[Date "2010.08.10"]
[Round "7"]
[White "Hamitevici,V"]
[Black "Straka,Jos"]
[Result "1-0"]
[WhiteElo "2411"]
[BlackElo "2337"]

1.d4 d5 2.c4 c6 3.Nf3 Nf6 4.Qc2 dxc4 5.e4 b5 6.b3 cxb3 7.axb3 e6 8.Bd2 Bb7
9.Ba5 Qc8 10.Bd3 Nbd7 11.b4 Be7 12.Nc3 e5 13.dxe5 Ng4 14.Be2 Ngxe5 15.Nd4 O-O
16.f4 Ng6 17.Nf5 Re8 18.O-O Bf8 19.e5 Nb6 20.Ne4 Rd8 21.Ned6 Qb8 22.Rad1 Bxd6
23.Nxd6 Rf8 24.Qc5 Nd7 25.Qc3 Nb6 26.f5 Ne7 27.f6 Ned5 28.Qg3 g6 29.Bxb6 axb6
30.Rxd5 cxd5 31.Qg5  1-0

[Event "49th WJun"]
[Site "Chotowa POL"]
[Date "2010.08.10"]
[Round "7"]
[White "Swiech,Pr"]
[Black "Platzgummer,F"]
[Result "0-1"]
[WhiteElo "2166"]
[BlackElo "2351"]

1.d4 d5 2.c4 dxc4 3.Nf3 c6 4.Nc3 b5 5.e4 Nf6 6.Be2 b4 7.Na4 Nxe4 8.Bxc4 Nd6
9.Be2 Be6 10.O-O Bd5 11.Bd2 a5 12.Ne5 e6 13.Rc1 Be7 14.Bf3 Nf5 15.Bxd5 exd5
16.Qf3 Nd6 17.Rxc6 O-O 18.Qxd5 Nf5 19.Qxd8 Rxd8 20.Rc4 Bf6 21.Re1 Nxd4 22.Ng4 Nd7
23.Be3 Ne6 24.Nxf6+ Nxf6 25.Bb6 Rd2 26.Be3 Rd6 27.Rec1 h6 28.Kf1 Nd5 29.Rc8+ Rxc8
30.Rxc8+ Kh7 31.Ke2 Nef4+ 32.Bxf4 Nxf4+ 33.Kf3 g5 34.g3 Nh3 35.Rc5 Rf6+ 36.Ke3 Nxf2
37.Rxa5 Ng4+ 38.Ke4 Nxh2 39.Nc5 Nf1 40.Ke5 Rf2 41.Nd3 Rf3 42.Nxb4 Nxg3 43.Rd5 h5
44.Kd4 Nf5+ 45.Ke5 h4 46.Rd3 Rf2 47.Nd5 Kg6 48.Nc3 f6+ 49.Ke4 Rxb2 50.a4 g4
51.Nd5 Kg5 52.Rc3 h3 53.Rc7 h2 54.Rh7 Ng3+  0-1

[Event "FSIMB August"]
[Site "Budapest HUN"]
[Date "2010.08.11"]
[Round "5"]
[White "Tran Tuan Minh"]
[Black "Omarsson,D"]
[Result "0-1"]
[WhiteElo "2244"]
[BlackElo "2150"]

1.d4 d5 2.c4 c6 3.Nf3 Nf6 4.g3 e6 5.Qc2 dxc4 6.Qxc4 b5 7.Qc2 Bb7 8.Bg2 Nbd7
9.O-O c5 10.Rd1 Rc8 11.Qd3 a6 12.Nh4 Qb6 13.Be3 Nd5 14.Nc3 Nxe3 15.fxe3 Be7
16.Bxb7 Qxb7 17.Nf3 O-O 18.Rac1 Nf6 19.Ng5 Rfd8 20.Nce4 Nxe4 21.Nxe4 e5 22.d5 c4
23.Qc2 Rxd5 24.Rxd5 Qxd5 25.Rd1 Qe6 26.Nc3 f5 27.e4 f4 28.gxf4 exf4 29.Nd5 Bc5+
30.Kg2 Qg4+ 31.Kh1 f3 32.e3 f2  0-1

[Event "49th WJun"]
[Site "Chotowa POL"]
[Date "2010.08.11"]
[Round "8"]
[White "Straka,Jos"]
[Black "Herman,J"]
[Result "0-1"]
[WhiteElo "2337"]
[BlackElo "2094"]

1.d4 d5 2.c4 c6 3.Nf3 Nf6 4.Qb3 dxc4 5.Qxc4 Bg4 6.Nbd2 Nbd7 7.g3 e6 8.Bg2 Bd6
9.O-O O-O 10.Qb3 Qb6 11.Qd3 Qb5 12.Qxb5 cxb5 13.e4 Bc7 14.h3 Bxf3 15.Bxf3 Bb6
16.Nb3 Rfc8 17.Bd2 Rc2 18.Bc3 Rc8 19.Rae1 a5 20.e5 Nd5 21.Bxd5 exd5 22.Na1 R8xc3
23.bxc3 Rxc3 24.Nb3 a4 25.Rc1 b4 26.Nc5 Nxc5 27.dxc5 Bxc5 28.Kg2 Kf8 29.f4 d4
30.Rfd1 b5 31.f5 Ke7 32.g4 Kd7 33.h4 Kc6 34.g5 Kd5 35.Re1 Be7 36.Rcd1 Rc2+
37.Kf3 Rxa2 38.f6 Bf8 39.Re4 Rf2+ 40.Kxf2 Kxe4 41.Re1+ Kd5 42.Ke2 b3 43.Kd1 g6
44.e6 fxe6 45.h5 a3 46.Kc1 d3 47.hxg6 hxg6 48.Kb1 e5 49.Rc1 Bb4 50.Rc8 Ke6
51.Rc6+ Kd7  0-1

[Event "ch-FRA NatB"]
[Site "Belfort FRA"]
[Date "2010.08.12"]
[Round "4"]
[White "Shchekachev,A"]
[Black "Le Roux,JP"]
[Result "1/2-1/2"]
[WhiteElo "2546"]
[BlackElo "2495"]

1.Nf3 d5 2.d4 Nf6 3.c4 c6 4.Qb3 dxc4 5.Qxc4 Bf5 6.g3 e6 7.Bg2 Be7 8.Qb3 Qb6
9.Nbd2 Na6 10.O-O O-O 11.Nc4 Qxb3 12.axb3 Nb4 13.Bf4 Nfd5 14.Bd6 Rfd8 15.Bc5 Kf8
16.Rfc1 b6 17.Bxe7+ Nxe7 18.e3 f6 19.Ne1 Bg6 20.Bf3 Ned5 21.Be2 a5 22.Ng2 Nc2
23.Rab1  1/2-1/2

[Event "49th WJun"]
[Site "Chotowa POL"]
[Date "2010.08.12"]
[Round "9"]
[White "Janus,P"]
[Black "Drnovsek,N"]
[Result "1-0"]
[WhiteElo "2085"]
[BlackElo "2173"]

1.d4 d5 2.c4 c6 3.Nf3 Nf6 4.Qc2 dxc4 5.Qxc4 Bf5 6.Nc3 e6 7.Bg5 Be7 8.g3 h6
9.Bxf6 Bxf6 10.Rd1 b5 11.Qb3 a5 12.a4 b4 13.Nb1 Qd5 14.Qxd5 cxd5 15.e3 Nd7
16.Rc1 Ke7 17.Bb5 Rhc8 18.Ke2 Nb6 19.Nbd2 Bc2 20.b3 Bf5 21.Bd3 Bxd3+ 22.Kxd3 g6
23.Rhd1 Bg7 24.Ne1 f6 25.f4 g5 26.Ndf3 Nd7 27.Kd2 e5 28.dxe5 fxe5 29.Rxc8 Rxc8
30.fxe5 Rc3 31.Rb1 Bxe5 32.Nc2 Kf6 33.Nfd4 Nc5 34.Ke2 g4 35.Rf1+ Kg6 36.Rd1 Nxb3
37.Nxb3 Rxb3 38.Rxd5 Bf6 39.Rxa5 Rb1 40.Rb5 b3 41.Na3 Ra1 42.Rxb3 Be7 43.Rb6+ Kg7
44.Rb7 Kf8 45.Nc4 Rxa4 46.Ne5 Bg5 47.Rb2 Re4 48.Ng6+ Kf7 49.Nf4 Ra4 50.h3 gxh3
51.Nxh3 Kf6 52.Kf3 Ra6 53.Rb5 Re6 54.e4 Bd2 55.Nf4 Rc6 56.Kg4 Be1 57.e5+ Kg7
58.Kf5 Rc8 59.Rb7+ Kg8 60.Nh5 Bc3 61.Nf6+ Kf8 62.Kg6  1-0

[Event "TCh-MKD"]
[Site "Struga MKD"]
[Date "2010.08.12"]
[Round "4"]
[White "Andonovski,L"]
[Black "Trajanovski,V"]
[Result "1-0"]
[WhiteElo "2290"]
[BlackElo "2098"]

1.d4 d5 2.c4 c6 3.Nf3 Nf6 4.Qc2 a6 5.Bf4 g6 6.e3 Bg7 7.Nc3 O-O 8.Rc1 Nbd7
9.cxd5 cxd5 10.h3 Nb6 11.Bd3 Nc4 12.O-O Nd6 13.Qb3 b5 14.a4 bxa4 15.Nxa4 Bf5
16.Bxf5 gxf5 17.Ne5 Rb8 18.Qd3 Rc8 19.Qxa6 Ra8 20.Qc6 Qa5 21.b3 Qb4 22.Qc3 Qxc3
23.Rxc3 Nfe4 24.Rc2 Rfb8 25.Nc6 Rxb3 26.Nxe7+ Kf8 27.Nc5 Nxc5 28.dxc5 Kxe7
29.cxd6+ Ke6 30.Rc7 Bf8 31.Rfc1 Rd8 32.R1c6 Rb1+ 33.Kh2 Rd7 34.Rc8 Bg7 35.Re8+ Kf6
36.Rc7 Rb7 37.Be5+ Kg6 38.Bxg7 Kxg7 39.Re7  1-0

[Event "85th ch-FRA"]
[Site "Belfort FRA"]
[Date "2010.08.14"]
[Round "6"]
[White "Edouard,R"]
[Black "Fressinet,L"]
[Result "1/2-1/2"]
[WhiteElo "2620"]
[BlackElo "2697"]

1.d4 d5 2.c4 c6 3.Nf3 Nf6 4.Qc2 dxc4 5.Qxc4 Bf5 6.g3 Nbd7 7.Bg2 e6 8.O-O Be7
9.Nc3 O-O 10.Re1 Bg6 11.e4 b5 12.Qxc6 b4 13.e5 Rc8 14.Qa6 bxc3 15.exf6 Nxf6
16.bxc3 Rxc3 17.Ne5 Qb6 18.Qxb6 axb6 19.d5 Bc5 20.dxe6 fxe6 21.Nxg6 hxg6
22.Be3 Bxe3  1/2-1/2